|
|
|
|
| LEADER |
04134nam a22005655i 4500 |
| 001 |
978-3-540-32422-5 |
| 003 |
DE-He213 |
| 005 |
20151204152907.0 |
| 007 |
cr nn 008mamaa |
| 008 |
100411s2005 gw | s |||| 0|eng d |
| 020 |
|
|
|a 9783540324225
|9 978-3-540-32422-5
|
| 024 |
7 |
|
|a 10.1007/11593980
|2 doi
|
| 040 |
|
|
|d GrThAP
|
| 050 |
|
4 |
|a QA76.9.A25
|
| 072 |
|
7 |
|a URY
|2 bicssc
|
| 072 |
|
7 |
|a COM053000
|2 bisacsh
|
| 082 |
0 |
4 |
|a 005.82
|2 23
|
| 245 |
1 |
0 |
|a Information Systems Security
|h [electronic resource] :
|b First International Conference, ICISS 2005, Kolkata, India, December 19-21, 2005. Proceedings /
|c edited by Sushil Jajodia, Chandan Mazumdar.
|
| 264 |
|
1 |
|a Berlin, Heidelberg :
|b Springer Berlin Heidelberg,
|c 2005.
|
| 300 |
|
|
|a XII, 342 p.
|b online resource.
|
| 336 |
|
|
|a text
|b txt
|2 rdacontent
|
| 337 |
|
|
|a computer
|b c
|2 rdamedia
|
| 338 |
|
|
|a online resource
|b cr
|2 rdacarrier
|
| 347 |
|
|
|a text file
|b PDF
|2 rda
|
| 490 |
1 |
|
|a Lecture Notes in Computer Science,
|x 0302-9743 ;
|v 3803
|
| 505 |
0 |
|
|a Authorization and Trust Enhanced Security for Distributed Applications -- Toward Exploiting Location-Based and Video Information in Negotiated Access Control Policies -- Understanding Mutable Internet Pathogens, or How I Learned to Stop Worrying and Love Parasitic Behavior -- Building India as the Destination for Secure Software Development – Next Wave of Opportunities for the ICT Industry -- Auditable Anonymous Delegation -- A Robust Double Auction Protocol Based on a Hybrid Trust Model -- VTrust: A Trust Management System Based on a Vector Model of Trust -- Analysis and Modelling of Trust in Distributed Information Systems -- EPAL Based Privacy Enforcement Using ECA Rules -- An Attribute Graph Based Approach to Map Local Access Control Policies to Credential Based Access Control Policies -- Protection of Relationships in XML Documents with the XML-BB Model -- EISA – An Enterprise Application Security Solution for Databases -- Event Detection in Multilevel Secure Active Databases -- Key Management for Multicast Fingerprinting -- A Key Reshuffling Scheme for Wireless Sensor Networks -- CCMEA: Customized Cellular Message Encryption Algorithm for Wireless Networks -- A Hybrid Design of Key Pre-distribution Scheme for Wireless Sensor Networks -- Detecting ARP Spoofing: An Active Technique -- Episode Based Masquerade Detection -- A Game-Theoretic Approach to Credit Card Fraud Detection -- Modifications of SHA-0 to Prevent Attacks -- How to Solve Key Escrow and Identity Revocation in Identity-Based Encryption Schemes -- On Broadcast Encryption with Random Key Pre-distribution Schemes -- A Framework for Examining Skill Specialization, Gender Inequity, and Career Advancement in the Information Security Field -- SPEAR: Design of a Secured Peer-to-Peer Architecture -- A Web-Enabled Enterprise Security Management Framework Based on a Unified Model of Enterprise Information System Security -- Development of a Comprehensive Intrusion Detection System – Challenges and Approaches -- A Transparent End-to-End Security Solution.
|
| 650 |
|
0 |
|a Computer science.
|
| 650 |
|
0 |
|a Computer communication systems.
|
| 650 |
|
0 |
|a Operating systems (Computers).
|
| 650 |
|
0 |
|a Data encryption (Computer science).
|
| 650 |
|
0 |
|a Information storage and retrieval.
|
| 650 |
|
0 |
|a Computers and civilization.
|
| 650 |
|
0 |
|a Management information systems.
|
| 650 |
1 |
4 |
|a Computer Science.
|
| 650 |
2 |
4 |
|a Data Encryption.
|
| 650 |
2 |
4 |
|a Computer Communication Networks.
|
| 650 |
2 |
4 |
|a Operating Systems.
|
| 650 |
2 |
4 |
|a Computers and Society.
|
| 650 |
2 |
4 |
|a Management of Computing and Information Systems.
|
| 650 |
2 |
4 |
|a Information Storage and Retrieval.
|
| 700 |
1 |
|
|a Jajodia, Sushil.
|e editor.
|
| 700 |
1 |
|
|a Mazumdar, Chandan.
|e editor.
|
| 710 |
2 |
|
|a SpringerLink (Online service)
|
| 773 |
0 |
|
|t Springer eBooks
|
| 776 |
0 |
8 |
|i Printed edition:
|z 9783540307068
|
| 830 |
|
0 |
|a Lecture Notes in Computer Science,
|x 0302-9743 ;
|v 3803
|
| 856 |
4 |
0 |
|u http://dx.doi.org/10.1007/11593980
|z Full Text via HEAL-Link
|
| 912 |
|
|
|a ZDB-2-SCS
|
| 912 |
|
|
|a ZDB-2-LNC
|
| 950 |
|
|
|a Computer Science (Springer-11645)
|